00989cam a22002773a 45000010005000000030006000050050017000110080041000280400015000690420007000840500006000911000032000972450159001292600029002885000029003175060030003465160020003766530057003966530055004536530057005087000022005657000033005877400022006208300028006428560041006704229PGUSA20140828083050.0030701s2003||||xxu|||||s|||||000 | eng d aPGUSAbeng adc 4aG1 aAmundsen, Roald,d1872-192814aThe South Pole; an account of the Norwegian Antarctic expedition in the "Fram," 1910-12 — Volume 1 and Volume 2h[electronic resource] /cRoald Amundsen bProject Gutenberg,c2003 aTranslation of Sydpolen. aPublic domain in the USA. aElectronic text aAntarctica -- Discovery and exploration -- Norwegian aAmundsen, Roald, 1872-1928 -- Travel -- Antarctica aSouth Pole -- Discovery and exploration -- Norwegian1 aChater, Arthur G.1 aNansen, Fridtjof,d1861-19300 aSydpolen. English 0aProject Gutenbergv422940uhttp://www.gutenberg.org/ebooks/4229